La organización del espacio (Record no. 87564)

MARC details
000 -LEADER
campo de control de longitud fija 00735nam a2200193 i 4500
001 - NÚMERO DE CONTROL
campo de control 87564
003 - IDENTIFICADOR DE NÚMERO DE CONTROL
campo de control ES-MaACL
005 - FECHA Y HORA DE LA ÚLTIMA TRANSACCIÓN
campo de control 20251114102519.0
007 - CAMPO FIJO DE DESCRIPCIÓN FÍSICA--INFORMACIÓN GENERAL
campo de control de longitud fija t|
008 - DATOS DE LONGITUD FIJA--INFORMACIÓN GENERAL
campo de control de longitud fija 041222s1973 sp ||||1| spa d
100 1# - ENTRADA PRINCIPAL--NOMBRE DE PERSONA
Nombre de persona Labasse, Jean.
9 (RLIN) 69219
245 13 - MENCIÓN DEL TÍTULO
Título La organización del espacio
Resto del título : elementos de geografía aplicada /
Mención de responsabilidad, etc. Jean Labasse ; [traducción Amalia Alvarez Fraile ; revisión y prólogo José Manuel Casas Torres].
260 ## - PUBLICACIÓN, DISTRIBUCIÓN, ETC.
Lugar de publicación, distribución, etc. Madrid :
Nombre del editor, distribuidor, etc. Instituto de Estudios de Administración Local,
Fecha de publicación, distribución, etc. [1973]
300 ## - DESCRIPCIÓN FÍSICA
Extensión 752 p., 2 lám. :
Otras características físicas il. ;
Dimensiones 25 cm.
700 1# - ENTRADA AGREGADA--NOMBRE PERSONAL
Nombre de persona Alvarez Fraile, Amalia.
9 (RLIN) 20810
700 1# - ENTRADA AGREGADA--NOMBRE PERSONAL
Nombre de persona Casas Torres, José Manuel,
Fechas asociadas al nombre 1916-2010
9 (RLIN) 36236
852 ## - LOCALIZACIÓN
Ubicación ES-MaACL
Número de control de estantería C-50775
Sublocalización o colección R.85183
Holdings
Estatus retirado Estado de pérdida Estado de daño No para préstamo Biblioteca de origen Biblioteca actual Ubicación en estantería Fecha de adquisición Fuente de adquisición Total de préstamos Signatura topográfica completa Código de barras Visto por última vez Precio de reemplazo Tipo de ítem Koha
        Biblioteca del Ateneo de Madrid Biblioteca del Ateneo de Madrid Depósito 2 17/01/2008     C-50775 1091481 23/02/2023 23/02/2023 Libro impreso